Riconosci il Pokémon - Quiz n°329 - Statistics

Statistiche generali
  • Questo quiz è stato fatto 1 volte
  • Il punteggio medio è 3 su 10
Statistiche sulle risposte
Indizio Risposta % Corretto
Tipo Coleottero / Lotta
100%
Generazione Nona
100%
Stadio evoluzione Non si evolve
100%
Tasso di cattura 30 (8.8%)
0%
Altezza 3,2 m
0%
Peso 92,0 kg
0%
Pokémon Alirasenti
0%
Tasso di allevamento Lento
0%
Abilità Paleoattivazione
0%
Sesso Sconosciuto
0%
Nessun quiz corrispondente trovato
Distribuzione punteggi
Percentuale di utenti per punteggio
Percentile per numero di risposta
I tuoi punteggi nel tempo
Non hai fatto questo quiz